Exterminador 17 (Registo nº 6007)

Detalhes MARC
000 -Etiqueta do registo
Valores 00575cam a2200205 04500
021 ## - Número do Depósito Legal
Número 29578/89
100 ## - Dados gerais de processamento
Dados gerais 20211231d1989 de|y0pory5003 ba
200 1# - Titulo e menção de responsabilidade
Título próprio Exterminador 17
Primeira menção de responsabilidade Bilal, Dionnet
210 #9 - Publicação
Local de publicação Lisboa
Nome do editor Meribérica-Liber
Data de publicação D.L. 1989
215 ## - Descrição física 
Paginação / Volumes 62 p.
Outras indicações físicas todo il.
304 ## - Nota relativa ao título
Texto de nota Tít. orig. : Exterminateur 17
606 ## - Nome comum usado como assunto
ID Autoridade 1862
Palavra de ordem Banda Desenhada
675 ## - CDU
Notação 087.5
Edição BN
Língua por
700 ## - Autor principal (pessoa individual)
Apelido Bilal
Nome Enki
Datas 1951-
ID Autoridade 4405
701 ## - Co-autor principal (pessoa individual)
Apelido Dionnet
Nome Jean-Pierre
Datas 1947-
ID Autoridade 5689
801 #0 - Fonte de origem
País PT
Agência BMVN
Regras de catalogação RPC
830 ## - Notas gerais do catalogador
Criado por Inês Silva
Data de criação 31/12/2021
990 ## - Elementos KOHA
Tipo de documento Livro
Exemplares
Situação do levantamento Biblioteca de origem Código de barras Cota Permissão de empréstimo Tipo de documento Forma de aquisição
  Biblioteca Municipal de Vendas Novas 100000015405 BD BIL/EXT   Livro  

Powered by Koha